Say Goodbye to Hollywood - Billy Joel - Lyrics - Statistics

General Stats
  • This quiz has been taken 30 times
  • The average score is 197 of 262
Answer Stats
Lyrics % Correct
goodbye
100%
goodbye,
100%
Hollywood
100%
Say
100%
to
100%
baby
96%
my
96%
a
92%
In
92%
in
92%
the
92%
He
88%
he
88%
for
85%
And
81%
and
81%
car
81%
of
81%
city
77%
his
77%
is
77%
new
77%
then
77%
tonight
77%
be
73%
gone
73%
hot
73%
life
73%
Life
73%
on
73%
rent
73%
so
73%
So
73%
driving
69%
It's
69%
it's
69%
series
69%
Sunset
69%
time
69%
you
69%
You
69%
Boulevard
65%
down
65%
Forever,
65%
forever
65%
goodbyes
65%
hellos
65%
I'm
65%
Now
65%
now
65%
out
65%
through
65%
Through
65%
again
62%
had
62%
line
62%
Some
62%
some
62%
will
62%
won't
62%
word
62%
anymore
58%
chance
58%
find
58%
got
58%
him
58%
lights
58%
Moving
58%
take
58%
that
58%
That
58%
afraid
54%
are
54%
friends
54%
stay
54%
things
54%
together
54%
try
54%
with
54%
just
50%
taking
50%
awhile
46%
back
46%
Bobby's
46%
care
46%
last,
46%
many
46%
They
46%
fast
38%
heavy
38%
Johnny's
38%
machine
38%
scene
38%
door
35%
every
35%
faces
35%
style
35%
gun
31%
lover
31%
right
31%
sitting
27%
joins
19%
troubadours
19%
No matching quizzes found
Score Distribution
Percent of People with Each Score
Percentile by Number Answered
Your Score History
You have not taken this quiz